000 00434nam a2200145Ia 4500
008 100122s9999 xx 000 0 und d
082 _b21746
_a823
100 _aमाडखोलकर ग त्र्यं
245 _aनवे संसार
260 _bमंदाकिनी टेकाडे
_c1971
300 _a340
630 _aनवे संसार
730 _aनवे संसार
942 _cBOOK
999 _c409701
_d409698